LEADER 01077nam a2200277 i 4500 001 991001757659707536 005 20020507151357.0 008 000726s1974 it ||| | ita 020 $a8813139470 035 $ab1155969x-39ule_inst 035 $aLE02724540$9ExL 040 $aDip.to Studi Giuridici$bita 082 0 $a344.1 084 $aLAV-IV/A 100 1 $aMorlini-Galantino, Luisa$0133027 245 13$aLe clausole di decadenza dei contratti collettivi /$cLuisa Morlini-Galantino 260 $aPadova :$bCEDAM,$c1974 300 $a206 p. ;$c24 cm. 490 0 $aCollana di studi dell'Istituto di diritto del lavoro. Facoltà di giurisprudenza dell'Università di Parma 650 4$aContratti collettivi - Clausole di decadenza 907 $a.b1155969x$b01-03-17$c02-07-02 912 $a991001757659707536 945 $aLE027 LAV-IV/A 3$g1$iLE027I-1785$lle027$o-$pE0.00$q-$rl$s- $t0$u0$v0$w0$x0$y.i11761362$z02-07-02 996 $aClausole di decadenza dei contratti collettivi$9617533 997 $aUNISALENTO 998 $ale027$b01-01-00$cm$da $e-$fita$git $h3$i1 LEADER 03901nam 2200577 450 001 9910626102803321 005 20230803034315.0 010 $a1-78064-177-X 035 $a(CKB)3710000000077574 035 $a(EBL)1637200 035 $a(SSID)ssj0001115066 035 $a(PQKBManifestationID)11633393 035 $a(PQKBTitleCode)TC0001115066 035 $a(PQKBWorkID)11082583 035 $a(PQKB)11371987 035 $a(MiAaPQ)EBC1637200 035 $a(EXLCZ)993710000000077574 100 $a20130617h20132013 uy| 0 101 0 $aeng 135 $aur|n|---||||| 181 $ctxt 182 $cc 183 $acr 200 00$aAnimal nutrition with transgenic plants /$fedited by Gerhard Flachowsky 210 1$aWallingford, Oxfordshire, UK :$cCAB International,$d[2013] 210 4$d©2013 215 $a1 online resource (248 p.) 225 1 $aCABI Biotechnology Series 225 0$aCABI biotechnology series ;$v1 300 $aDescription based upon print version of record. 311 $a1-78064-176-1 320 $aIncludes bibliographical references and index. 327 $aIntroduction and background : challenges and limitations of GM-plants for animal nutrition / Gerhard Flachowsky -- Fundamentals of plant biotechnology / Marc de Loose and Ann Depicker -- Guidance documents for nutritional and safety assessment of feeds from GM plants (GMP) / Yi Liu, Anna Christodoulidou, Antonio Fernandes Dumont, Andrea Germini, and Claudia Paoletti -- Compositional analysis for nutritional and safety assessment of feeds from GM-plants / Gijs Kleter and Easter Kok -- Types of feeding studies for nutritional and safety assessment of feeds from GM-plants / Gerhard Flachowsky -- Feeding studies with GM-plants of the 1st generation (input traits) with food producing animals / Gerhard Flachowsky -- Feeding studies with GM-plants of the 2nd generation (output traits) with food producing animals / Gerhard Flachowsky -- Long-term and multigenerational animal feeding studies / Agnes E. Ricroch, Aude Berheim, Chelsea Snell, Ge?rard Pascal, Alain Paris, and Marcel Kuntz -- The fates of transgenic DNA and newly expressed proteins / Ralf Einspanier -- Influence of feeds from GM-plants on composition/quality of food of animal origin / Gerhard Flachowsky -- Feed additives produced by GM-microorganism (GMM) / Atte von Wright -- The pipeline of genetically modigied crops for improved animal feed : challenges for commercial use / Pascalal Tillie, Koen Dillen, and Emilio Rodri?guez-Cerezo -- Cultivation and developments in the field of GMP in Asia / Ranran Liu and Jie Wen -- Socioeconomic aspects of growing genetically modified crops / Matin Qaim -- Public acceptance of genetically modified plants / Joachim Scholderer and Wim Verbecke. 330 $aTransgenic plants are cultivated on a large scale worldwide, and most of the harvested products are fed to domestic animals. By gathering together more than 150 feeding studies with food-producing animals, and covering both first and second generation transgenic plants, this book provides the first central resource of this information for researchers, students, policy makers and all those who are interested in future developments in the field. 410 0$aCABI Biotechnology Series 606 $aFood animals$xNutrition 606 $aFood animals$xFeeding and feeds$xRisk assessment 606 $aTransgenic plants$xRisk assessment 615 0$aFood animals$xNutrition. 615 0$aFood animals$xFeeding and feeds$xRisk assessment. 615 0$aTransgenic plants$xRisk assessment. 676 $a636.0852 701 $aFlachowsky$b G$01266486 712 02$aC.A.B. International. 801 0$bMiAaPQ 801 1$bMiAaPQ 801 2$bMiAaPQ 906 $aBOOK 912 $a9910626102803321 996 $aAnimal nutrition with transgenic plants$92973564 997 $aUNINA LEADER 01370nam2 22003133i 450 001 RER0055667 005 20251003044334.0 100 $a20220829d1999 ||||0itac50 ba 101 | $aita 102 $ait 181 1$6z01$ai $bxxxe 182 1$6z01$an 183 1$6z01$anc$2RDAcarrier 200 1 $aˆ2: ‰Ambienti insediativi$etrasformazioni e potenzialità$fASTAC Centro Interuniversitario Arti Scienze e Tecnologia dell'Ambiente e del Costruire,Regione Marche$ga cura di Mario De Grassi 210 $aAncona$cRegione Marche$dstampa1999 215 $a221 p.$d23 cm. 461 1$1001RER0055653$12001 $aStudi PIT$fASTAC Centro interuniversitario Arti Scienze e Tecnologia dell'Ambiente e del Costruire, Regione Marche$v2 676 $a711.0945$9URBANISTICA (PIANIFICAZIONE TERRITORIALE). Italia$v23 702 1$aDe Grassi$b, Mario$3MILV063619 710 02$aAstac$3RERV034041$4070$0780068 711 02$aMarche$c $3CFIV004463$4070$0292520 791 02$aRegione Marche$3CFIV004465$zMarche 801 3$aIT$bIT-000000$c20220829 850 $aIT-BN0095 912 $aRER0055667 950 2$aBiblioteca Centralizzata di Ateneo$cv. 1-3$d 01POZZO LIB.F. BENCARDINO 32$e 01 0000082265E VMA (0002 v. 2$fB $h20220609$i20220829 977 $a 01 996 $aAmbienti insediativi$91675030 997 $aUNISANNIO